Role of the quality of the chemicals for the development of the raw rubber industry (Record no. 67221)

MARC details
000 -LEADER
fixed length control field 00453nam a2200145Ia 4500
100 ## - MAIN ENTRY--AUTHOR NAME
Personal name Tillekeratne L M K
245 #0 - TITLE STATEMENT
Title Role of the quality of the chemicals for the development of the raw rubber industry
260 ## - PUBLICATION, DISTRIBUTION, ETC. (IMPRINT)
Name of publisher Bulletin of the Rubber Research Institute of Sri Lanka
Year of publication 1987
300 ## - PHYSICAL DESCRIPTION
Number of Pages 14-16
650 ## - SUBJECT ADDED ENTRY--TOPICAL TERM
Topical Term Mould contamination
650 ## - SUBJECT ADDED ENTRY--TOPICAL TERM
Topical Term Raw rubber industry
650 ## - SUBJECT ADDED ENTRY--TOPICAL TERM
Topical Term TSR
942 ## - ADDED ENTRY ELEMENTS (KOHA)
Koha item type Journals
Holdings
Withdrawn status Lost status Damaged status Not for loan Home library Current library Shelving location Date acquired Serial Enumeration / chronology Koha item type
      Journals RRII Library RRII Library Rubber chemistry 17/12/2021 Volume 24, Issue Journals